[Event "POL-chT 2nd League"]
[Site "Jastrzebia Gora"]
[Date "2018.09.07"]
[Round "7.85"]
[White "Adamski, Michal"]
[Black "Steczek, Marcin"]
[Result "0-1"]
[WhiteElo "2193"]
[BlackElo "2386"]
[PlyCount "66"]
[EventDate "2018.09.01"]
[EventType "team-swiss"]
[EventRounds "9"]
[EventCountry "POL"]
[SourceTitle "CBM 186 Extra"]
[Source "ChessBase"]
[SourceDate "2018.08.24"]
[SourceVersion "1"]
[SourceVersionDate "2018.08.24"]
[SourceQuality "1"]
[WhiteTeam "Zakrzewo Korona"]
[BlackTeam "Konin Hetman"]
[WhiteTeamCountry "POL"]
[BlackTeamCountry "POL"]

1. e4 Nf6 2. e5 Nd5 3. d4 d6 4. c4 Nb6 5. exd6 exd6 6. Nc3 Be7 7. Be3 0-0 8. h3 Bg5 9. Nf3 Bxe3 10. fxe3 Re8 11. Qd2 Be6 12. b3 a5 13. Bd3 Na6 14. 0-0 d5 15. cxd5 Nxd5 16. e4 Nxc3 17. Qxc3 c6 18. Rad1 Qe7 19. Bb1 Nc7 20. Qc2 g6 21. Qd2 a4 22. bxa4 Rxa4 23. Qh6 Qf8 24. Qf4 Nb5 25. Rd2 Nc3 26. Bc2 Rxa2 27. Ne5 Qe7 28. Rf3 Nb5 29. d5 cxd5 30. exd5 Bf5 31. Bxf5 Rxd2 32. Nxf7 Nd4 33. Be6 Ne2+ 0-1

[Event "Warsaw AIG Life rapid 8th"]
[Site "Warsaw"]
[Date "2008.12.21"]
[Round "13"]
[White "Adamski, Michal"]
[Black "Sveshnikov, Vladimir"]
[Result "1/2-1/2"]
[WhiteElo "2195"]
[BlackElo "2386"]
[PlyCount "152"]
[EventDate "2008.12.20"]
[EventType "swiss (rapid)"]
[EventRounds "13"]
[EventCountry "POL"]
[SourceTitle "CBM 127 Extra"]
[Source "ChessBase"]
[SourceDate "2009.01.08"]
[SourceVersion "2"]
[SourceVersionDate "2009.01.28"]
[SourceQuality "1"]

1. e4 c5 2. Nf3 Nc6 3. d4 cxd4 4. Nxd4 e5 5. Nb5 d6 6. N1c3 a6 7. Na3 b5 8. Nd5 Nce7 9. c4 Nxd5 10. exd5 bxc4 11. Nxc4 Nf6 12. Be3 Rb8 13. a4 Be7 14. Be2 0-0 15. 0-0 Bb7 16. Nb6 Nd7 17. a5 f5 18. f4 exf4 19. Nxd7 Qxd7 20. Bxf4 Bf6 21. Qd2 Rfe8 22. Bf3 Ba8 23. Rab1 Rb5 24. b4 g6 25. Rfe1 Rbb8 26. Re6 Rxe6 27. dxe6 Qxe6 28. Qxd6 Qxd6 29. Bxd6 Rd8 30. Bc7 Rc8 31. Bxa8 Rxc7 32. b5 axb5 33. Rxb5 Bd4+ 34. Kf1 Kf7 35. Ke2 Ke6 36. Kd3 Bg1 37. h3 Rc5 38. Rb6+ Ke5 39. Ra6 Bf2 40. Bf3 Be1 41. Ra7 Bxa5 42. Rxh7 g5 43. Re7+ Kf4 44. Rd7 Rc3+ 45. Kd4 Ra3 46. Rb7 Ra2 47. Kd5 Bc3 48. Rc7 Bb2 49. Rc4+ Kg3 50. Ke6 Ra5 51. Bd5 f4 52. Rb4 Bc1 53. Rb3+ Be3 54. Bf3 Rc5 55. Rb7 Ra5 56. Kf6 Bd4+ 57. Kg6 Bf2 58. Rd7 Kh2 59. Bd5 Bh4 60. Bf3 Ra2 61. Rd3 Rxg2 62. Kf5 Rg3 63. Ke4 Rxh3 64. Rd2+ Kg1 65. Rd1+ Kf2 66. Rd2+ Kg1 67. Rd1+ Kf2 68. Rd2+ Kg1 69. Rd1+ Kf2 70. Rd2+ Ke1 71. Rd1+ Kf2 72. Rd2+ Kg1 73. Rd1+ Kf2 74. Rd2+ Kg1 75. Rd1+ Kh2 76. Rd2+ Kg1 1/2-1/2

[Event "Warsaw AIG Life rapid 8th"]
[Site "Warsaw"]
[Date "2008.12.21"]
[Round "10"]
[White "Sanz Alonso, Francisco Javier"]
[Black "Adamski, Michal"]
[Result "1-0"]
[WhiteElo "2410"]
[BlackElo "2195"]
[PlyCount "61"]
[EventDate "2008.12.20"]
[EventType "swiss (rapid)"]
[EventRounds "13"]
[EventCountry "POL"]
[SourceTitle "CBM 127 Extra"]
[Source "ChessBase"]
[SourceDate "2009.01.08"]
[SourceVersion "2"]
[SourceVersionDate "2009.01.28"]
[SourceQuality "1"]

1. e4 e6 2. d4 d5 3. Nc3 Bb4 4. e5 c5 5. a3 Bxc3+ 6. bxc3 Ne7 7. Qg4 0-0 8. Bd3 Nbc6 9. Qh5 Ng6 10. Nf3 Qc7 11. Bd2 c4 12. Bxg6 fxg6 13. Qh4 Rf5 14. Ng5 h6 15. Nh3 g5 16. Qg3 Qf7 17. f4 gxf4 18. Nxf4 Kh7 19. h4 Bd7 20. 0-0-0 b5 21. Rdf1 a5 22. Qh3 Qe7 23. g4 Qxa3+ 24. Kd1 Rff8 25. g5 Qe7 26. Rhg1 Rf5 27. gxh6 gxh6 28. Nh5 Rxh5 29. Qg4 Rg5 30. hxg5 Rg8 31. g6+ 1-0

[Event "Kolobrzeg op"]
[Site "Kolobrzeg"]
[Date "2008.08.26"]
[Round "9"]
[White "Dudys, Jakub"]
[Black "Adamski, Michal"]
[Result "0-1"]
[WhiteElo "2189"]
[BlackElo "2220"]
[PlyCount "96"]
[EventDate "2008.08.18"]
[EventType "swiss"]
[EventRounds "9"]
[EventCountry "POL"]
[SourceTitle "CBM 126 Extra"]
[Source "ChessBase"]
[SourceDate "2008.11.05"]
[SourceVersion "1"]
[SourceVersionDate "2008.11.05"]
[SourceQuality "1"]

1. e4 e6 2. d4 d5 3. exd5 exd5 4. Nf3 Bg4 5. c4 Bb4+ 6. Nc3 Nc6 7. a3 Qe7+ 8. Be3 Bxc3+ 9. bxc3 Nf6 10. Bd3 dxc4 11. Bxc4 0-0 12. 0-0 Ne4 13. h3 Bh5 14. Bd3 Rad8 15. c4 Bxf3 16. Qxf3 f5 17. d5 Ne5 18. Qe2 Nxd3 19. Qxd3 f4 20. Bc1 Rde8 21. Qf3 Qc5 22. Bb2 Qxc4 23. Rac1 Qb5 24. Bxg7 Kxg7 25. Rxc7+ Rf7 26. Qg4+ Kf8 27. Rxf7+ Kxf7 28. Qxf4+ Nf6 29. d6 Re4 30. Qd2 Re5 31. Rc1 Qd5 32. Qb4 Ke6 33. g3 a5 34. Qb6 Nd7 35. Qc7 Qf3 36. Rf1 Qc6 37. Qd8 Kxd6 38. Rd1+ Rd5 39. Re1 h5 40. g4 hxg4 41. hxg4 Qc4 42. Qe7+ Kc7 43. Re4 Rd1+ 44. Kh2 Qc1 45. Re2 Qf4+ 46. Kh3 Rd3+ 47. Re3 Rxe3+ 48. fxe3 Qe5 0-1

[Event "Kolobrzeg op"]
[Site "Kolobrzeg"]
[Date "2008.08.25"]
[Round "8"]
[White "Adamski, Michal"]
[Black "Tobolski, Jakub"]
[Result "0-1"]
[WhiteElo "2220"]
[BlackElo "2051"]
[PlyCount "72"]
[EventDate "2008.08.18"]
[EventType "swiss"]
[EventRounds "9"]
[EventCountry "POL"]
[SourceTitle "CBM 126 Extra"]
[Source "ChessBase"]
[SourceDate "2008.11.05"]
[SourceVersion "1"]
[SourceVersionDate "2008.11.05"]
[SourceQuality "1"]

1. e4 e5 2. Nf3 Nc6 3. Bb5 a6 4. Bxc6 dxc6 5. 0-0 Bg4 6. h3 h5 7. d3 Qf6 8. Nbd2 Ne7 9. c3 Ng6 10. d4 Rd8 11. Qb3 Nf4 12. Nxe5 Be6 13. Qxb7 Qg5 14. g3 Nxh3+ 15. Kg2 Nf4+ 16. Kf3 Bg4+ 17. Ke3 Ng2+ 18. Kd3 Qxe5 19. Rg1 Bh3 20. Qxc6+ Ke7 21. Nc4 Qf6 22. Qxc7+ Ke8 23. Ne5 Bd6 24. Qc6+ Kf8 25. Nc4 Qxf2 26. Bd2 Qxg3+ 27. Kc2 Kg8 28. e5 Bf8 29. Qc7 Rc8 30. Qb7 Rxc4 31. Raf1 Qg6+ 32. Kc1 Ra4 33. Qb3 Bd7 34. Rxg2 Qe6 35. Kc2 Rc4 36. Rgf2 Ba4 0-1

[Event "Kolobrzeg op"]
[Site "Kolobrzeg"]
[Date "2008.08.24"]
[Round "7"]
[White "Adamski, Michal"]
[Black "Kuznicki, Cyprian"]
[Result "1-0"]
[WhiteElo "2220"]
[BlackElo "2041"]
[PlyCount "111"]
[EventDate "2008.08.18"]
[EventType "swiss"]
[EventRounds "9"]
[EventCountry "POL"]
[SourceTitle "CBM 126 Extra"]
[Source "ChessBase"]
[SourceDate "2008.11.05"]
[SourceVersion "1"]
[SourceVersionDate "2008.11.05"]
[SourceQuality "1"]

1. e4 c6 2. d4 d5 3. Nc3 dxe4 4. Nxe4 Nd7 5. Nf3 Ngf6 6. Ng3 e6 7. Bd3 Be7 8. 0-0 b6 9. Qe2 h6 10. Ne5 Nxe5 11. dxe5 Nd7 12. Nh5 Bf8 13. Re1 Nc5 14. Qg4 Nxd3 15. cxd3 Qxd3 16. Nxg7+ Bxg7 17. Qxg7 Qh7 18. Qf6 Rg8 19. Qxh6 Qxh6 20. Bxh6 c5 21. f4 Bb7 22. Bg5 Bd5 23. Kf2 Kd7 24. h4 Rh8 25. Rh1 Rh5 26. Rh2 Kc6 27. g4 Rh7 28. h5 Rg8 29. Kg3 a5 30. a4 Rf8 31. Bf6 Re8 32. h6 Kb7 33. f5 Rg8 34. Kf4 exf5 35. gxf5 Bc6 36. Bg7 Rd8 37. Kg5 Be8 38. Kf6 Rd7 39. Rhh1 Rc7 40. Rhd1 Bc6 41. Rd8 Bf3 42. Rh8 Rc6+ 43. e6 Rxh8 44. Bxh8 fxe6 45. fxe6 Be4 46. Bg7 Bh7 47. Rd1 Bg8 48. Rd7+ Ka6 49. Re7 b5 50. axb5+ Kxb5 51. Bf8 a4 52. Kg7 Bh7 53. Kxh7 c4 54. Rb7+ Ka6 55. e7 Rc8 56. Rb4 1-0

[Event "Kolobrzeg op"]
[Site "Kolobrzeg"]
[Date "2008.08.22"]
[Round "5"]
[White "Adamski, Michal"]
[Black "Wandzik, Wojciech"]
[Result "1/2-1/2"]
[WhiteElo "2220"]
[BlackElo "2063"]
[PlyCount "51"]
[EventDate "2008.08.18"]
[EventType "swiss"]
[EventRounds "9"]
[EventCountry "POL"]
[SourceTitle "CBM 126 Extra"]
[Source "ChessBase"]
[SourceDate "2008.11.05"]
[SourceVersion "1"]
[SourceVersionDate "2008.11.05"]
[SourceQuality "1"]

1. e4 d5 2. exd5 Qxd5 3. Nc3 Qa5 4. d4 Nf6 5. Nf3 c6 6. Bc4 Bf5 7. Bd2 e6 8. Nd5 Qd8 9. Nxf6+ gxf6 10. 0-0 Bd6 11. Nh4 Bg6 12. c3 Qc7 13. g3 Nd7 14. f4 f5 15. Qe1 0-0-0 16. Qf2 Nf6 17. Bd3 Bh5 18. b4 Kb8 19. a4 Be7 20. Qe1 Bg4 21. Qe5 Nd5 22. Qxc7+ Kxc7 23. Kf2 Rhg8 24. Rfb1 Rd7 25. c4 Nb6 26. d5 1/2-1/2

[Event "POL-chT 61st"]
[Site "Lubniewice"]
[Date "2005.09.10"]
[Round "8"]
[White "Pakleza, Zbigniew"]
[Black "Adamski, Michal"]
[Result "1-0"]
[WhiteElo "2419"]
[BlackElo "2287"]
[PlyCount "127"]
[EventDate "2005.09.03"]
[EventType "team-tourn"]
[EventRounds "9"]
[EventCountry "POL"]
[SourceTitle "EXT 2019"]
[Source "ChessBase"]
[SourceDate "2018.10.10"]
[SourceVersion "1"]
[SourceVersionDate "2018.10.10"]
[SourceQuality "1"]
[WhiteTeam "Plock PTSz"]
[BlackTeam "Poznan Pocztowiec"]
[WhiteTeamCountry "POL"]
[BlackTeamCountry "POL"]

1. Nf3 d5 2. c4 dxc4 3. Na3 Nf6 4. Nxc4 g6 5. b3 Bg7 6. Bb2 0-0 7. g3 Be6 8. Bg2 Qc8 9. Ng5 Bd5 10. e4 Bxc4 11. bxc4 h6 12. Nh3 c5 13. 0-0 Nc6 14. e5 Nd7 15. f4 Nb6 16. Rc1 Rd8 17. Nf2 Nd4 18. d3 f5 19. exf6 exf6 20. Bxd4 Rxd4 21. f5 Qxf5 22. Bxb7 Rad8 23. Qf3 Qxf3 24. Bxf3 f5 25. Kg2 R4d6 26. Rb1 Bd4 27. Rb5 Re8 28. Nh3 Re5 29. Ra5 g5 30. Bh5 Nc8 31. Rb1 Bc3 32. Ra3 Bb4 33. Rab3 Nb6 34. Ng1 Kg7 35. d4 Rxd4 36. Nf3 Re2+ 37. Kf1 Rde4 38. a3 Bd2 39. Rd3 Nxc4 40. Rb7+ Kf6 41. Rd8 Re1+ 42. Nxe1 Rxe1+ 43. Kf2 Ra1 44. Rf7+ Ke6 45. Rxa7 Be3+ 46. Ke2 Ra2+ 47. Kd1 Nd6 48. Re8+ Nxe8 49. Bf7+ Kd6 50. Bxa2 Nc7 51. Rb7 Kc6 52. Rb8 f4 53. Ke2 Bc1 54. a4 fxg3 55. hxg3 h5 56. Bc4 h4 57. gxh4 gxh4 58. a5 Bf4 59. Kf3 Bg3 60. Rb6+ Kd7 61. a6 Na8 62. Rh6 Kc7 63. Bd5 Nb6 64. Rc6+ 1-0

[Event "POL-chT 61st"]
[Site "Lubniewice"]
[Date "2005.09.09"]
[Round "7"]
[White "Adamski, Michal"]
[Black "Grycel, Kamil"]
[Result "1/2-1/2"]
[WhiteElo "2287"]
[BlackElo "2282"]
[PlyCount "40"]
[EventDate "2005.09.03"]
[EventType "team-tourn"]
[EventRounds "9"]
[EventCountry "POL"]
[SourceTitle "EXT 2019"]
[Source "ChessBase"]
[SourceDate "2018.10.10"]
[SourceVersion "1"]
[SourceVersionDate "2018.10.10"]
[SourceQuality "1"]
[WhiteTeam "Poznan Pocztowiec"]
[BlackTeam "Suwalki Hancza"]
[WhiteTeamCountry "POL"]
[BlackTeamCountry "POL"]

1. e4 c6 2. d4 d5 3. exd5 cxd5 4. c4 Nf6 5. Nc3 g6 6. cxd5 Nxd5 7. Bc4 Nb6 8. Bb3 Bg7 9. Nf3 0-0 10. 0-0 Nc6 11. d5 Na5 12. Re1 h6 13. Bc2 Nac4 14. h3 Re8 15. Bd3 e6 16. Qb3 exd5 17. Rxe8+ Qxe8 18. Nxd5 Nxd5 19. Bxc4 Nb6 20. Bb5 Qe4 1/2-1/2

[Event "POL-chT U19 36th 1st League"]
[Site "Koszalin"]
[Date "2005.07.13"]
[Round "11"]
[White "Dubinski, Mateusz"]
[Black "Adamski, Michal"]
[Result "0-1"]
[WhiteElo "2067"]
[BlackElo "2287"]
[PlyCount "50"]
[EventDate "2005.07.05"]
[EventType "team-tourn"]
[EventRounds "11"]
[EventCountry "POL"]
[SourceTitle "CBM 107 Extra"]
[Source "ChessBase"]
[SourceDate "2005.09.01"]
[SourceVersion "1"]
[SourceVersionDate "2005.09.01"]
[SourceQuality "1"]
[WhiteTeam "Legnica Miedz U19"]
[BlackTeam "Poznan Pocztowiec U19"]
[WhiteTeamCountry "POL"]
[BlackTeamCountry "POL"]

1. e4 c5 2. Nf3 d6 3. Bb5+ Nc6 4. Bxc6+ bxc6 5. 0-0 e5 6. c3 Bg4 7. Re1 Qf6 8. Re3 g6 9. h3 Bxf3 10. Rxf3 Qe6 11. d4 Nf6 12. Qa4 Rc8 13. dxc5 dxc5 14. Be3 Be7 15. Bh6 Nh5 16. g4 g5 17. gxh5 Qxh6 18. Qb3 0-0 19. Rf5 Qxh5 20. Nd2 Qxh3 21. Rxe5 Bd6 22. Rxg5+ Kh8 23. Nf1 Rg8 24. Rg3 Bxg3 25. fxg3 Rxg3+ 0-1

[Event "Perla Baltyku op 1st"]
[Site "Mielno"]
[Date "2005.06.19"]
[Round "10"]
[White "Adamski, Michal"]
[Black "Litwin, Jozef"]
[Result "1-0"]
[WhiteElo "2287"]
[BlackElo "2221"]
[PlyCount "117"]
[EventDate "2005.06.10"]
[EventType "swiss"]
[EventRounds "10"]
[EventCountry "POL"]
[SourceTitle "EXT 2006"]
[Source "ChessBase"]
[SourceDate "2005.11.24"]
[SourceVersion "1"]
[SourceVersionDate "2005.11.24"]
[SourceQuality "1"]

1. e4 c5 2. Nf3 d6 3. d4 cxd4 4. Nxd4 Nf6 5. Nc3 a6 6. Be3 e5 7. Nb3 Be6 8. f3 Nbd7 9. Qd2 Be7 10. 0-0-0 b5 11. Nd5 Bxd5 12. exd5 Nb6 13. Bxb6 Qxb6 14. Na5 Rc8 15. Nc6 Nxd5 16. Nxe7 Nxe7 17. Qxd6 Qxd6 18. Rxd6 Nc6 19. Rd2 Ke7 20. Bd3 g6 21. Be4 f5 22. Bxc6 Rxc6 23. Rhd1 Rhc8 24. Kb1 R8c7 25. c3 Re6 26. Rd8 e4 27. fxe4 fxe4 28. Rh8 Kf6 29. Rf8+ Kg7 30. Rf2 e3 31. Re2 Rf7 32. Rde1 Rfe7 33. Rf1 Re5 34. Kc2 Rh5 35. g3 Rd7 36. Rd1 Rf7 37. Rd3 Rf2 38. Rdxe3 Rhxh2 39. Rxf2 Rxf2+ 40. Kb3 Rg2 41. Re7+ Kh6 42. Ra7 Rxg3 43. Rxa6 Kg7 44. Ra7+ Kg8 45. Rb7 Rg5 46. c4 bxc4+ 47. Kxc4 h5 48. Rb3 Ra5 49. a3 h4 50. Rh3 Rh5 51. b4 g5 52. b5 g4 53. b6 Rh7 54. Rxh4 g3 55. Rg4+ Rg7 56. Rxg3 Rxg3 57. b7 Rg4+ 58. Kb5 Rg5+ 59. Ka6 1-0

[Event "Perla Baltyku op 1st"]
[Site "Mielno"]
[Date "2005.06.16"]
[Round "7"]
[White "Ferenc, Jozef"]
[Black "Adamski, Michal"]
[Result "0-1"]
[WhiteElo "2161"]
[BlackElo "2287"]
[PlyCount "37"]
[EventDate "2005.06.10"]
[EventType "swiss"]
[EventRounds "10"]
[EventCountry "POL"]
[SourceTitle "EXT 2006"]
[Source "ChessBase"]
[SourceDate "2005.11.24"]
[SourceVersion "1"]
[SourceVersionDate "2005.11.24"]
[SourceQuality "1"]

1. e4 e6 2. d4 d5 3. Nd2 c5 4. exd5 exd5 5. dxc5 Bxc5 6. Ngf3 Nc6 7. Nb3 Bd6 8. Be2 Nge7 9. 0-0 0-0 10. Be3 Re8 11. c4 Bf5 12. Kh1 Be4 13. Ng5 Nf5 14. Nxe4 dxe4 15. c5 Be5 16. Rb1 Qf6 17. Nd2 Nxe3 18. fxe3 Qh4 19. g3 0-1

[Event "Perla Baltyku op 1st"]
[Site "Mielno"]
[Date "2005.06.11"]
[Round "2"]
[White "Sokolowski, Ryszard"]
[Black "Adamski, Michal"]
[Result "1-0"]
[WhiteElo "2205"]
[BlackElo "2287"]
[PlyCount "132"]
[EventDate "2005.06.10"]
[EventType "swiss"]
[EventRounds "10"]
[EventCountry "POL"]
[SourceTitle "EXT 2006"]
[Source "ChessBase"]
[SourceDate "2005.11.24"]
[SourceVersion "1"]
[SourceVersionDate "2005.11.24"]
[SourceQuality "1"]

1. Nf3 d5 2. g3 c6 3. Bg2 Nf6 4. b3 Bf5 5. Bb2 e6 6. d3 Be7 7. Nh4 Bg4 8. h3 Bh5 9. Nd2 Nfd7 10. Nhf3 Bf6 11. d4 0-0 12. e4 Bg6 13. e5 Be7 14. 0-0 b5 15. Ne1 Qb6 16. Nd3 h6 17. Nf4 Bf5 18. Re1 a5 19. a3 Na6 20. Nf1 Rfd8 21. Ne3 Bh7 22. Qg4 Nf8 23. Nh5 Ng6 24. f4 Bf8 25. f5 exf5 26. Nxf5 Nc7 27. Rf1 Ne8 28. Rf2 Ra7 29. Raf1 c5 30. Ne3 Qe6 31. Qe2 c4 32. Qf3 Rad7 33. h4 Nc7 34. Kh2 Qc6 35. Nf5 Kh8 36. Bh3 Ne6 37. Bc1 Rc7 38. Qg4 cxb3 39. cxb3 Qb7 40. Bd2 Qa7 41. b4 a4 42. Nhxg7 Bxg7 43. h5 Nxe5 44. dxe5 Rg8 45. Nxg7 Rxg7 46. Qf3 Ng5 47. Bxg5 Rxg5 48. Qxd5 Qe3 49. Qd8+ Rg8 50. Qf6+ Rg7 51. Rg2 Rc2 52. Rf3 Qe4 53. Rf4 Rxg2+ 54. Bxg2 Qe2 55. g4 Qd2 56. Rf2 Qd4 57. Rf4 Qd2 58. Kg3 Qe1+ 59. Kh3 Qc3+ 60. Bf3 Qxa3 61. Qxh6 Qc1 62. Qf6 Qf1+ 63. Bg2 Qd3+ 64. Kh2 Kg8 65. e6 Qe2 66. exf7+ Kf8 1-0

[Event "POL-ch U18"]
[Site "Leba"]
[Date "2004.03.31"]
[Round "6"]
[White "Tobys, Marcin"]
[Black "Adamski, Michal"]
[Result "0-1"]
[WhiteElo "2166"]
[BlackElo "2260"]
[PlyCount "62"]
[EventDate "2004.03.27"]
[EventType "swiss"]
[EventRounds "11"]
[EventCountry "POL"]
[SourceTitle "EXT 2005"]
[Source "ChessBase"]
[SourceDate "2004.11.15"]
[SourceVersion "1"]
[SourceVersionDate "2004.11.15"]
[SourceQuality "1"]

1. e4 c5 2. Nf3 d6 3. d4 cxd4 4. Nxd4 Nf6 5. Nc3 a6 6. a4 e5 7. Nb3 Be7 8. Be2 0-0 9. Be3 Be6 10. 0-0 Nc6 11. f4 exf4 12. Rxf4 d5 13. exd5 Nxd5 14. Nxd5 Bxd5 15. Bc4 Bxc4 16. Rxc4 Bf6 17. c3 Re8 18. Bc5 g6 19. Qf1 Be5 20. Rd1 Qc7 21. g3 b5 22. Rh4 Bxg3 23. Rh3 Be5 24. Qf2 Rad8 25. Rf1 Qd7 26. Rf3 f5 27. axb5 axb5 28. h4 Qd5 29. Nc1 Bf6 30. Bb6 Ne5 31. Rg3 Bxh4 0-1

[Event "POL-chT U19 35th"]
[Site "Koszalin"]
[Date "2003.07.10"]
[Round "8.25"]
[White "Moranda, Wojciech"]
[Black "Adamski, Michal"]
[Result "1-0"]
[WhiteElo "2356"]
[BlackElo "2291"]
[PlyCount "87"]
[EventDate "2003.07.04"]
[EventType "team-tourn"]
[EventRounds "11"]
[EventCountry "POL"]
[SourceTitle "EXT 2019"]
[Source "ChessBase"]
[SourceDate "2018.10.10"]
[SourceVersion "1"]
[SourceVersionDate "2018.10.10"]
[SourceQuality "1"]
[WhiteTeam "Czarna Czarnovia U19"]
[BlackTeam "Poznan Pocztowiec U19"]
[WhiteTeamCountry "POL"]
[BlackTeamCountry "POL"]

1. d4 d5 2. c4 dxc4 3. Nf3 Nf6 4. e3 e6 5. Bxc4 c5 6. 0-0 a6 7. Bb3 Nc6 8. Nc3 cxd4 9. exd4 Be7 10. Re1 0-0 11. a3 b5 12. Bc2 Bb7 13. Bg5 Rc8 14. Qd3 g6 15. Rad1 Nd5 16. Bxe7 Ncxe7 17. Ne4 Ba8 18. Qd2 Nb6 19. Nf6+ Kg7 20. Ng4 Ng8 21. Nfe5 Qh4 22. Re3 Qg5 23. h4 Qxh4 24. Rh3 Qe7 25. Bd3 h5 26. Ne3 Nf6 27. N3g4 Nxg4 28. Nxg4 Rh8 29. Ne5 Qb7 30. Qg5 Rh6 31. Rf3 f5 32. Bxf5 exf5 33. Rxf5 Rc7 34. Rf6 Nd5 35. Rxg6+ Rxg6 36. Qxg6+ Kf8 37. Rd3 Rf7 38. Nxf7 Ne7 39. Qh6+ Kxf7 40. Qxh5+ Ke6 41. Re3+ Kd7 42. Qh3+ Kd8 43. Qh8+ Kd7 44. Qg7 1-0

[Event "POL-chT U19 35th"]
[Site "Koszalin"]
[Date "2003.07.09"]
[Round "6.19"]
[White "Czakon, Jakub"]
[Black "Adamski, Michal"]
[Result "1-0"]
[WhiteElo "2386"]
[BlackElo "2291"]
[PlyCount "71"]
[EventDate "2003.07.04"]
[EventType "team-tourn"]
[EventRounds "11"]
[EventCountry "POL"]
[SourceTitle "EXT 2019"]
[Source "ChessBase"]
[SourceDate "2018.10.10"]
[SourceVersion "1"]
[SourceVersionDate "2018.10.10"]
[SourceQuality "1"]
[WhiteTeam "Katowice Start U19"]
[BlackTeam "Poznan Pocztowiec U19"]
[WhiteTeamCountry "POL"]
[BlackTeamCountry "POL"]

1. e4 e6 2. d4 d5 3. Nc3 Bb4 4. e5 c5 5. Bd2 Nh6 6. Bd3 Nc6 7. Nf3 cxd4 8. Nb5 Bxd2+ 9. Qxd2 0-0 10. Nbxd4 f6 11. Nxc6 bxc6 12. Qc3 Qb6 13. 0-0 Rb8 14. b3 c5 15. exf6 gxf6 16. Qd2 Nf7 17. c4 d4 18. Nh4 Kh8 19. Rae1 Rg8 20. Qe2 f5 21. f4 Qd8 22. Nf3 Rb6 23. g3 Qf6 24. Qf2 Rg7 25. Rb1 h5 26. b4 cxb4 27. c5 Rb7 28. Ba6 Rc7 29. Bxc8 Rxc8 30. Qxd4 Qe7 31. Rxb4 Rxc5 32. Re1 Rc2 33. Rb2 Rc6 34. Rbe2 Kh7 35. Qd5 Nd8 36. Qxf5+ 1-0

[Event "POL-chT U19 35th"]
[Site "Koszalin"]
[Date "2003.07.07"]
[Round "4.13"]
[White "Wojtaszek, Radoslaw"]
[Black "Adamski, Michal"]
[Result "1-0"]
[WhiteElo "2462"]
[BlackElo "2291"]
[PlyCount "101"]
[EventDate "2003.07.04"]
[EventType "team-tourn"]
[EventRounds "11"]
[EventCountry "POL"]
[SourceTitle "EXT 2019"]
[Source "ChessBase"]
[SourceDate "2018.10.10"]
[SourceVersion "1"]
[SourceVersionDate "2018.10.10"]
[SourceQuality "1"]
[WhiteTeam "Plock PTSz U19"]
[BlackTeam "Poznan Pocztowiec U19"]
[WhiteTeamCountry "POL"]
[BlackTeamCountry "POL"]

1. d4 d5 2. c4 dxc4 3. Nf3 Nf6 4. Nc3 a6 5. e4 b5 6. e5 Nd5 7. a4 e6 8. axb5 Bb4 9. Qc2 Nb6 10. Qe4 Qd5 11. Qg4 Kf8 12. Be2 axb5 13. Rxa8 Qxa8 14. 0-0 Bxc3 15. bxc3 Bb7 16. Ng5 N8d7 17. Qf4 Qe8 18. Ba3+ Kg8 19. Ra1 h6 20. Ne4 Nf8 21. Bd1 Ng6 22. Qf3 Nd5 23. Bc2 Ndf4 24. Bc5 Bd5 25. Ra6 Qd8 26. Ra7 Nd3 27. Bxd3 cxd3 28. Qxd3 Qh4 29. f3 Qe1+ 30. Qf1 Qe3+ 31. Qf2 Qc1+ 32. Qf1 Qe3+ 33. Kh1 Nf4 34. Rxc7 Nd3 35. h3 Kh7 36. Rxf7 Kg6 37. Ra7 Nxc5 38. Nxc5 Rf8 39. Qb1+ Rf5 40. Ne4 Rxf3 41. gxf3 Qxf3+ 42. Kh2 Bxe4 43. Qg1+ Kh5 44. Qg4+ Qxg4 45. hxg4+ Kxg4 46. Rxg7+ Kf4 47. Rd7 h5 48. Rd6 Kf5 49. Kg3 Bd3 50. Kh4 Bc4 51. Kxh5 1-0

[Event "POL-ch U16"]
[Site "Krynica"]
[Date "2003.??.??"]
[Round "9"]
[White "Adamski, Michal"]
[Black "Kwiatkowski, Maciej"]
[Result "1-0"]
[WhiteElo "2275"]
[BlackElo "2025"]
[PlyCount "191"]
[EventDate "2003.??.??"]
[EventType "swiss"]
[EventRounds "11"]
[EventCountry "POL"]
[SourceTitle "EXT 2007"]
[Source "ChessBase"]
[SourceDate "2006.11.23"]
[SourceVersion "1"]
[SourceVersionDate "2006.11.23"]
[SourceQuality "1"]

1. e4 e5 2. Nf3 Nc6 3. Bb5 Nf6 4. 0-0 Nxe4 5. d4 Nd6 6. Bxc6 dxc6 7. dxe5 Nf5 8. Qe2 Nd4 9. Qe4 Nxf3+ 10. Qxf3 Qd5 11. Qg3 Bf5 12. Nc3 Qe6 13. Bg5 h6 14. Be3 Bxc2 15. Rac1 Qg6 16. e6 Bd6 17. Bf4 Bxf4 18. Qxf4 fxe6 19. Qxc7 0-0 20. Qxb7 Rab8 21. Qxa7 Bd3 22. Rfe1 Rxb2 23. Nd1 Rd2 24. Qe3 Rxa2 25. Rxc6 Bf5 26. Nc3 Rc2 27. Nd5 Qf7 28. Rxc2 Bxc2 29. Qxe6 Qxe6 30. Rxe6 Bb3 31. Re5 Bxd5 32. Rxd5 Ra8 33. g3 Kf7 34. Rd6 Ke7 35. Rb6 Kf7 36. Kg2 Ra4 37. Kf3 Rc4 38. Rb3 Ra4 39. Re3 Kf6 40. Re4 Ra2 41. h4 Rb2 42. Rf4+ Kg6 43. Kg4 Rb5 44. Ra4 Kf6 45. Ra6+ Kf7 46. h5 Rb4+ 47. f4 Rb5 48. Ra7+ Kf6 49. Ra6+ Kf7 50. Ra1 Kf6 51. Ra8 Kf7 52. Kh4 Rb4 53. Ra5 Kf6 54. Kg4 Rc4 55. Rf5+ Ke6 56. Rf8 Ke7 57. Ra8 Kf6 58. Ra6+ Kf7 59. Ra1 Kf6 60. Kh4 Rb4 61. Rf1 Rc4 62. g4 Rb4 63. Kg3 Rc4 64. Rf3 Rb4 65. Ra3 Rb6 66. Kf3 Rc6 67. Rd3 Ra6 68. Rd8 Ra3+ 69. Ke4 Ra4+ 70. Rd4 Ra6 71. Kd5 Ra3 72. Rc4 Ra5+ 73. Rc5 Ra4 74. Rc4 Ra5+ 75. Rc5 Ra4 76. Rc6+ Kf7 77. Ke5 Ra5+ 78. Kd4 Ra4+ 79. Rc4 Ra5 80. Rc5 Ra4+ 81. Ke5 Ra6 82. Rc7+ Kf8 83. g5 Ra5+ 84. Ke6 Ra6+ 85. Kf5 Rb6 86. g6 Rb8 87. Ke6 Rd8 88. f5 Re8+ 89. Kd7 Re7+ 90. Kd6 Re8 91. f6 gxf6 92. Rh7 Kg8 93. Rxh6 Ra8 94. Rh7 Ra6+ 95. Kd5 Rb6 96. Ra7 1-0